书目信息 |
| 题名: |
新编计算机网络教程
|
|
| 作者: | 安子强 , 张东亮 , 高雪霞 主编 | |
| 分册: | ||
| 出版信息: | 北京 航空工业出版社 2005.02 |
|
| 页数: | 257页 | |
| 开本: | 26cm | |
| 丛书名: | ||
| 单 册: | ||
| 中图分类: | TP393 | |
| 科图分类: | ||
| 主题词: | 计算机网络--ji suan ji wang luo--高等学校--教材 | |
| 电子资源: | ||
| ISBN: | 7-80183-562-X | |
| 000 | 00966nam0 2200253 450 | |
| 001 | 012006614562 | |
| 005 | 20060921092406.98 | |
| 010 | @a7-80183-562-X@dCNY24.80 | |
| 100 | @a20060709d2005 km y0chiy0120 ea | |
| 101 | 0 | @achi |
| 102 | @aCN@b110000 | |
| 105 | @aa z 000yy | |
| 200 | 1 | @a新编计算机网络教程@Axin bian ji suan ji wang luo jiao cheng@f高雪霞, 安子强, 张东亮主编@Fgao xue xia,an zi qiang,zhang dong liang zhu bian |
| 210 | @a北京@c航空工业出版社@d2005.02 | |
| 215 | @a257页@c图@d26cm | |
| 300 | @a二十一世纪高职高专规划教材 | |
| 330 | @a本书主要介绍了计算机网络的基本概念、数据通信的基础知识、计算机网络体系结构、计算机局域网、Internet相关内容以及计算机网络管理和安全。 | |
| 606 | 0 | @a计算机网络@Aji suan ji wang luo@x高等学校@j教材 |
| 690 | @aTP393@v4 | |
| 701 | 0 | @a安子强@Aan zi qiang@4主编 |
| 701 | 0 | @a张东亮@Azhang dong liang@4主编 |
| 701 | 0 | @a高雪霞@Agao xue xia@4主编 |
| 801 | 0 | @aCN@bQSSK@c20060921 |
| 905 | @a10447@dTP393@eG197 | |
| 新编计算机网络教程/高雪霞, 安子强, 张东亮主编.-北京:航空工业出版社,2005.02 |
| 257页:图;26cm |
| 二十一世纪高职高专规划教材 |
| ISBN 7-80183-562-X:CNY24.80 |
| 本书主要介绍了计算机网络的基本概念、数据通信的基础知识、计算机网络体系结构、计算机局域网、Internet相关内容以及计算机网络管理和安全。 |
| ● |
| 相关链接 |
|
|
|
正题名:新编计算机网络教程
索取号:TP393/G197
 
预约/预借
| 序号 | 登录号 | 条形码 | 馆藏地/架位号 | 状态 | 备注 |
| 1 | 595341 | 205953413 | 自科库301/301自科库 115排1列1层/ [索取号:TP393/G197] | 在馆 | |
| 2 | 595342 | 205953422 | 自科库301/301自科库 115排1列1层/ [索取号:TP393/G197] | 在馆 | |
| 3 | 595343 | 205953431 | 自科库301/301自科库 115排1列1层/ [索取号:TP393/G197] | 在馆 |